Multidimensional scaling /
Guardado en:
| Autor Principal: | |
|---|---|
| Otros Autores: | |
| Formato: | Libro |
| Idioma: | English |
| Publicado: |
London :
Chapman & Hall,
1994.
|
| Series: | Monographs on statistics and applied probability ;
59 |
| Etiquetas: |
Agregar Etiqueta
Sin Etiquetas, Sea el primero en etiquetar este registro!
|
| LEADER | 00770nam a22002055a 4500 | ||
|---|---|---|---|
| 001 | MAT.inmabb006619 | ||
| 008 | 120812s1994####enka#####b####001#0#eng#d | ||
| 005 | 20151118165826.0 | ||
| 245 | 1 | 0 | |a Multidimensional scaling / |c Trevor F. Cox and Michael A.A. Cox. |
| 260 | |a London : |b Chapman & Hall, |c 1994. | ||
| 300 | |a x, 213 p. : |b il. ; |c 23 cm. + |e 1 disquete (3,5 pulg.) | ||
| 490 | 1 | |a Monographs on statistics and applied probability ; |v 59 | |
| 504 | |a Incluye referencias bibliográficas (p. [187]-200) e índices. | ||
| 510 | 4 | |a MR, |c 96g:62118 | |
| 020 | |a 0412491206 | ||
| 100 | 1 | |a Cox, Trevor F. | |
| 700 | 1 | |a Cox, Michael A. A. | |
| 830 | 0 | |a Monographs on statistics and applied probability ; |v 59 | |
| 084 | |a 62H99 (62-02) |2 msc2000 | ||
| 859 | |h 62 |i C8775 |p A-7059 |b BIB. MATEMATICA | ||
